Körfez bunalımı (Record no. 775)

MARC details
000 -BAŞLIK
Sabit Uzunlukta Kontrol Alanı 00839na a2200289 4500
001 - KONTROL NUMARASI
Denetim Alanı 16206
003 - KONTROL NUMARASI IDENTIFIER
Denetim Alanı MIRAKIL
005 - SON İŞLEM TARİHİ VE ZAMANI
Denetim Alanı 20181213154801.0
008 - SABİT-BOY VERİ ELEMANLARI - GENEL BİLGİLER
Sabit Uzunlukta Kontrol Alanı 160930b tu 000 0
020 ## - ULUSLARARASI STANDART KİTAP NUMARASI
Uluslararası Standart Kitap Numarası 9755200258
035 ## - SİSTEM KONTROL NUMARASI
Sistem Kontrol Numarası 16206
040 ## - KATALOGLAMA KAYNAK
Orijinal Kataloglama Ajansı Milas
Kataloglama Dili tur
Metne Dönüştürmek Ajansı TR-AnCHP
082 ## - DEWEY ONLU SINIFLANDIRMA NUMARASI
Sınıflandırma Numarası 327.56
Ürün Numarası E63k 1990
090 ## - SINIFLAMA NUMARASI
Sınıflama Numarası 327.56 E63k 1990
100 ## - ANA GİRİŞ - KİŞİSEL İSİM
Kişisel Ad Ergil, Doğu
Bir Adıyla İlişkilendirilen Tarihler 1943-
245 ## - BAŞLIK TABLOSU
Başlık Körfez bunalımı
Sorumluluk Tablosu, Vb Doğu Ergil
260 ## - YAYIN, DAĞITIM, VB
Yayın, Dağıtım, Vb Yeri Ankara
Yayıncı, Dağıtıcı, Vs Adı Gündoğan Yayınları
Yayın, Dağıtım, Vb Tarihi 1990
300 ## - FİZİKSEL TANIM
Kapsam 104 s.
Diğer Fiziksel Ayrıntıları hrt. , fotğ.
Boyutlar 20 sm.
440 ## - SERİSİ TABLOSU / KATMA GİRİŞİ - BAŞLIK
Başlık Gündoğan yayınları
Hacim / Ardışık Tanımı 90-27
490 ## - SERİSİ TABLOSU
Seri Beyanı Siyaset-Sosyoloji dizi
Hacim / Ardışık Tanımı 02.06
600 ## - KONU KATMA GİRİŞ - KURUMSAL ADI
Kişisel Ad Hüseyin, Saddam
650 ## - KONU KATMA GİRİŞ - TOPİKAL DÖNEM
Topikal Süreli Veya Coğrafi Ad Giriş Elemanı Su sorunu
Genel Alt Bölümü Orta Doğu
650 ## - KONU KATMA GİRİŞ - TOPİKAL DÖNEM
Topikal Süreli Veya Coğrafi Ad Giriş Elemanı Basra Körfezi Savaşı
Kronolojik Alt Bölümü 1991
650 ## - KONU KATMA GİRİŞ - TOPİKAL DÖNEM
Topikal Süreli Veya Coğrafi Ad Giriş Elemanı Irak-Kuveyt Krizi
Kronolojik Alt Bölümü 1990-1991
651 ## - KONU KATMA GİRİŞ - COĞRAFİ ADI
Coğrafi İsim Orta Doğu
Genel Alt Bölümü Uluslararası ilişkiler
942 ## - EKLENDİ GİRİŞ ELEMANLARI (KOHA)
Sınıflandırma Veya Raf Düzeni Kaynak Dewey Decimal Classification
Koha Öğesi Türü Books
999 ## - SİSTEM KONTROL NUMARALARI (KOHA)
Koha Biblionumber 775
Koha Biblioitemnumber 775
Holdings
Kalıcı Konum Mevcut Konum Edinme Tarihi Edinim Kaynak Seri Numaralandırma / Kronolojik Toplam Check-Out'Lar Tam Çağrı Numarası Barkod Tarih Son Görülme İtibaren Geçerli Fiyatlar Koha Öğesi Türü
CHP Kütüphanesi CHP Kütüphanesi 09/30/2016 Bağış c.11   327.56 E63k 1990 005133 09/30/2016 09/30/2016 Books